Представление документа в формате RUSMARC

ПолеНазваниеЗначение
  Тип записи a
  Библиографический уровень m
001 Контрольный номер cf4cbc5ad1e34fb69d6739cf4624c5e1
005 Дата корректировки 20251219143150.3
010 Индекс ISBN __
a ISBN 978-5-00195-326-5
b Уточнения в пер.
9 Тираж 10000 экз.
d Цена 600-00
100 Данные общей обработки __
a Данные общей обработки 20250627d2024 m y0rusy028902 ca
101 Язык документа 1_
a Язык текста rus
c Язык оригинала eng
102 Страна публикации __
a Страна публикации RU
105 Кодированные данные (монография) __
a Кодированные данные (монография) y z 000ay
181 Поле кодированных данных: вид содержания _0
a Код вида содержания (ISBD) i
182 Поле кодированных данных: тип средства _0
a Код типа средства (ISBD) n
200 Заглавие и сведения об ответственности 1_
a Заглавие Клуб убийств по четвергам
f Первые сведения об ответственности Ричард Осман
g Последующие сведения об ответственности перевод с английского Галины Соловьевой
203 Вид содержания и тип средства __
a Вид содержания Текст
c Тип средства непосредственный
205 Сведения об издании __
a Основные сведения об издании 2-е издание
210 Выходные данные 1_
a Место издания Москва
c Издательство Манн, Иванов и Фербер
d Дата издания 2024
215 Физическое описание __
a Объем 400, [1] с.
d Формат 21 см
225 Серия 2_
a Серия Серия "Клуб убийств"
225 Серия 2_
a Серия МИФ Детектив
300 Общие примечания __
a Общие примечания 1-я книга в серии
330 Аннотация __
a Аннотация В доме престарелых, расположенном среди мирных сельских пейзажей, четверо друзей еженедельно встречаются в комнате для отдыха, чтобы обсудить нераскрытые преступления. Они называют себя "Клуб убийств по четвергам". Элизабет, Джойс, Ибрагим и Рон уже разменяли восьмой десяток, но у них все еще есть кое-какие трюки в запасе. Когда местного строителя находят мертвым, а рядом с телом обнаруживается таинственная фотография, "Клуб убийств по четвергам" внезапно получает первое настоящее дело. Вскоре количество трупов начинает расти. Сможет ли наша необычная команда поймать убийцу, пока не стало слишком поздно?
333 Примечание о целевом назначении __
a Примечание о целевом назначении 16+. Для детей старше 16 лет
454 Оригинал _0
1 2001
a The Thursday Murder Club
1 700 1
a Osman
b R.
g Richard
517 Другие варианты заглавия 1_
a Другие варианты заглавия Клуб убийств
606 Тематические рубрики __
2 Код системы nlr_sh
a Основная рубрика Художественная литература
606 Тематические рубрики __
2 Код системы nlr_sh
a Основная рубрика Литература Европы (произведения)
y Географическая подрубрика Великобритания
z Хронологическая подрубрика 21 в.
610 Ключевые слова 0_
a Ключевые слова зарубежная литература
610 Ключевые слова 0_
a Ключевые слова иностранная литература
610 Ключевые слова 0_
a Ключевые слова английская литература
610 Ключевые слова 0_
a Ключевые слова современная литература
610 Ключевые слова 0_
a Ключевые слова детективы
610 Ключевые слова 0_
a Ключевые слова английские детективы
610 Ключевые слова 0_
a Ключевые слова современные детективы
610 Ключевые слова 0_
a Ключевые слова зарубежные детективы
610 Ключевые слова 0_
a Ключевые слова тема расследований
610 Ключевые слова 0_
a Ключевые слова расследования
610 Ключевые слова 0_
a Ключевые слова тема тайн
610 Ключевые слова 0_
a Ключевые слова тайны
686 Индексы других классификаций __
2 Код системы rubbks
a Классификационный индекс 84(4Вел)6-445; ст84(4Вел)-445
700 Автор _1
a Фамилия Осман
b Имя Р.
f Даты 1970-
g Полное личное имя Ричард
4 Код отношения 070
702 Вторичная интеллектуальная ответственность _1
a Фамилия Соловьева
b Имя Г. В.
g Полное личное имя Галина Викторовна
4 Код отношения 730
f Даты 1964-
801 Источник записи _0
a Страна RU
b Организация Муниципальное бюджетное учреждение культуры "Централизованная библиотечная система" г. Сургут (Центральная городская библиотека им. А. С. Пушкина)
c Дата составления 20250627
g Правила каталогизации PSBO
801 Источник записи _1
a Страна RU
b Организация Муниципальное бюджетное учреждение культуры "Централизованная библиотечная система" г. Сургут (Центральная городская библиотека им. А. С. Пушкина)
c Дата составления 20250627
g Правила каталогизации PSBO
852 Данные о местонахождении __
i Авторский знак О-74
j Шифр хранения 84(4Вел)6-445
900 Макрообъекты __
a Макрообъекты Клуб убийств по четвергам. Осман, Р., 2022
901 Тип документа __
a Ответственный КиК/Котельникова
t Тип документа m
903 Характеристики (МАРС) __
a Дата передачи 20250627
c Наименование библиотеки (МАРС) Муниципальное бюджетное учреждение культуры "Централизованная библиотечная система" г. Сургут (Центральная городская библиотека им. А. С. Пушкина)
990 Данные о заказе (DOS) __
j Количество экземпляров (DOS) 1
t N записи в КСУ для И/У (DOS) 202506